| 000 | 00831nam a2200253 i 4500 | ||
|---|---|---|---|
| 003 | DO-SdBNP | ||
| 005 | 20250703074614.0 | ||
| 007 | ta | ||
| 008 | 250703b2024 dr ac||| |||| 00| 0 spa d | ||
| 020 | _a9789945189971 | ||
| 040 |
_aDO-SdBNP _bspa _cBNPHU _erda |
||
| 082 | 4 |
_axxx _bxxx _222 |
|
| 100 | 1 |
_aTorres Ulloa, Alfonso, _eautor _4aut. _958620 |
|
| 245 | 1 |
_aDajabón, memoria literaria / _cAlfonso Torres Ulloa ; ilustraciones, Laura Ramos |
|
| 264 | 1 |
_aSanto Domingo : _bJaime Meléndez Publicidad, _c2024. |
|
| 300 |
_a226 páginas ; _bilustraciones, retratos ; _c23 cm. |
||
| 336 |
_atexto _btxt _2rdacontent |
||
| 337 |
_asin mediación _bn _2rdamedia |
||
| 338 |
_avolumen _bnc _2rdacarrier |
||
| 590 | _aInventariado, 2025/BT | ||
| 700 |
_aRamos, Laura, _eilustrador _4il. _988235 |
||
| 910 | _aBtavárez | ||
| 942 |
_2ddc _cLBS1 |
||
| 999 |
_c58704 _d58704 |
||